000 00497nam a2200193Ia 4500
001 66191
008 231101n ii |||gr||||Z||||||asm
020 _a978-9381-069-882
082 _a891.41
100 _aBora, Jayashree.
245 0 _aShubhadinar Apekkhat
_cBy Jayashree Bora
_hTextual Documents
250 _aFirst.
260 _aAssam
_bBanalata
_c2013.
300 _a238pg:
_c23cm.
653 _aAssamese
653 _aShubhadinar Apekkhat
653 _aG-Gift Section
942 _2ddc
_cBK
999 _c67284
_d67284